[Event "Espergaerde"]
[Site "Espergaerde"]
[Date "1987.??.??"]
[Round "4"]
[White "Hutters, Tomas"]
[Black "Hoi, Carsten"]
[Result "1/2-1/2"]
[WhiteElo "2285"]
[BlackElo "2365"]

1.d4 d6 2.c4 g6 3.g3 Bg7 4.Bg2 Nf6 5.Nf3 O-O 6.O-O Bg4 7.Nc3 Bxf3 8.Bxf3 Nc6
9.Bg2 Nd7 10.e3 e5 11.Ne2 Re8 12.b3 exd4 13.Nxd4 Nxd4 14.exd4 c6 15.Rb1 Nf6
16.d5 c5 17.Bf4 Qc7 18.Qd3 Ng4 19.h3 Ne5 20.Qc2 a6 21.Rfe1 b5 22.Re2 Qd7
23.Rbe1 f5 24.Bc1 Qf7  1/2-1/2

[Event "Espergaerde"]
[Site "Espergaerde"]
[Date "1987.??.??"]
[Round "5"]
[White "Ksieski, Zbigniew"]
[Black "Westerinen, Heikki MJ"]
[Result "1/2-1/2"]
[WhiteElo "2370"]
[BlackElo "2370"]

1.Nf3 Nf6 2.c4 g6 3.d4 Bg7 4.g3 O-O 5.Bg2 d6 6.O-O Bf5 7.Nc3 Ne4 8.Nd5 c6
9.Ne3 Bd7 10.Qc2 f5 11.b3 a5 12.a3 e6 13.Bb2 Be8 14.Ne1 d5 15.Rd1  1/2-1/2

[Event "Frunze"]
[Site "Frunze"]
[Date "1987.??.??"]
[Round "?"]
[White "Jukic, Mirko"]
[Black "Matveeva, Svetlana"]
[Result "1-0"]
[WhiteElo "2455"]
[BlackElo "2380"]

1.d4 Nf6 2.c4 g6 3.Nf3 Bg7 4.g3 O-O 5.Bg2 d6 6.O-O Nbd7 7.Nc3 e5 8.e4 exd4
9.Nxd4 Nc5 10.h3 Re8 11.Re1 h6 12.Kh2 a5 13.Rb1 Nfd7 14.Be3 c6 15.Qc2 Ne5
16.b3 a4 17.Red1 axb3 18.axb3 Qf6 19.f4 Ned7 20.Rd2 Qe7 21.Bf2 Ra3 22.b4 Ne6
23.Nde2 Qf6 24.Rd3 Ne5 25.Nd5 Nxd3 26.Nxf6+ Bxf6 27.Bg1 Bd7 28.c5 d5 29.exd5 Nc7
30.d6 Nb5 31.Qd2 Bf5 32.g4 Nxf4 33.Nxf4 Bxb1 34.d7 Rd8 35.Qe1 Bc2 36.Qe8+ Kg7
37.Nd5 cxd5 38.Bxd5 Rxd7 39.Qxd7 Be5+ 40.Kh1 Rxh3+ 41.Kg2  1-0

[Event "Frunze"]
[Site "Frunze"]
[Date "1987.??.??"]
[Round "?"]
[White "Konopka, Michal"]
[Black "Timoshchenko, Gennadi A"]
[Result "0-1"]
[WhiteElo "2285"]
[BlackElo "2490"]

1.d4 Nf6 2.c4 g6 3.Nf3 Bg7 4.g3 O-O 5.Bg2 d6 6.Nc3 Nbd7 7.O-O e5 8.e4 h6
9.h3 Nh7 10.Re1 Ng5 11.Nxg5 exd4 12.Nb5 hxg5 13.Nxd4 Ne5 14.Qe2 Qf6 15.Rd1 g4
16.h4 Qe7 17.Be3 a6 18.Qc2 c5 19.Nb3 b5 20.cxb5 axb5 21.Bg5 Qe6 22.Nd2 Rxa2
23.Rxa2 Qxa2 24.Nb3 Nc4 25.Be7 Re8 26.Bxd6 Qxb2 27.Qxb2 Nxb2 28.Rc1 c4 29.Na5 Nd3
30.Rd1 Re6 31.e5 Bxe5 32.Bxe5 Rxe5 33.Nc6 Rc5 34.Be4 Bb7 35.Ne7+ Kf8 36.Nxg6+ fxg6
37.Bxb7  0-1

[Event "Frunze"]
[Site "Frunze"]
[Date "1987.??.??"]
[Round "?"]
[White "Malaniuk, Vladimir P"]
[Black "Yurtaev, Leonid"]
[Result "1/2-1/2"]
[WhiteElo "2545"]
[BlackElo "2460"]

1.d4 Nf6 2.Nf3 g6 3.g3 Bg7 4.Bg2 O-O 5.c4 d6 6.O-O Nc6 7.Nc3 a6 8.h3 Rb8
9.e4 b5 10.e5 dxe5 11.dxe5 Qxd1 12.Rxd1 Nd7 13.e6 fxe6 14.cxb5 axb5 15.Be3 Nb6
16.Ne1 Nb4 17.Rac1 Bxc3 18.Rxc3 N6d5 19.Ba7 Ra8 20.Ra3 c6 21.Nd3 Nxd3 22.Rdxd3 b4
23.Ra5 Bb7 24.a3 c5 25.Rd1 Rfc8 26.Rc1 Kf7 27.h4 bxa3 28.Rxa3 c4 29.Kh2 Rc7
30.Rca1 Nf6 31.Bh3 h5 32.Kg1 Ng4 33.Bf1 Ne5 34.Be2 Rd7 35.Kf1 Nd3 36.Be3 Rb8
37.Rd1 Bd5 38.Bxd3 cxd3 39.Ke1 Bb3 40.Rc1 Bc2 41.Ra2 Rdb7 42.Kd2 Rxb2 43.Rxb2 Rxb2
44.Ra1 e5 45.Bg5 e4 46.Kc3 Rb8 47.Kd2 Rb7 48.Re1 Rb4 49.f3 Bb1 50.Rxe4 Rb2+
51.Kc1 Rb7 52.Ra4 Ke6 53.Ra5 Bc2 54.Kd2 Rb1 55.Ra7 Rf1 56.Rxe7+ Kd5 57.Rd7+ Ke6
58.Ra7 Kd6 59.Rg7 Rxf3 60.Rxg6+ Kd5 61.Be3 Ke4 62.Rg7  1/2-1/2

[Event "Gausdal zt"]
[Site "Gausdal"]
[Date "1987.??.??"]
[Round "?"]
[White "Agdestein, Simen"]
[Black "Mortensen, Erling"]
[Result "1/2-1/2"]
[WhiteElo "2560"]
[BlackElo "2440"]

1.d4 Nf6 2.Nf3 g6 3.g3 Bg7 4.Bg2 O-O 5.c4 d6 6.O-O c6 7.Nc3 Qa5 8.h3 e5 9.d5 cxd5
10.cxd5 b5 11.Nd2 Bd7 12.Nb3 Qc7 13.e4 b4 14.Nb1 a5 15.a4 bxa3 16.Nxa3 Na6
17.Be3 Ba4 18.Nb1 Bb5 19.Re1 Nb4 20.Nc3 Bd3 21.Qd2 Bc4 22.Ra3 Rfb8 23.Nc1 Nd7
24.Na4 Bb5 25.Nb3 Qc2 26.Rc1 Qxd2 27.Bxd2 Nd3 28.Rc7 Bxa4 29.Rxa4 Rxb3 30.Rxd7 Nc5
31.Rxa5 Rxa5 32.Rd8+ Bf8 33.Bxa5 Nb7 34.Ra8 Nxa5 35.Rxa5  1/2-1/2

[Event "Gausdal zt"]
[Site "Gausdal"]
[Date "1987.??.??"]
[Round "?"]
[White "Hjartarson, Johann"]
[Black "Ernst, Thomas"]
[Result "1-0"]
[WhiteElo "2555"]
[BlackElo "2465"]

1.d4 Nf6 2.c4 g6 3.Nf3 Bg7 4.g3 O-O 5.Bg2 d6 6.O-O Nc6 7.Nc3 a6 8.h3 Rb8
9.Be3 b5 10.Nd2 Na5 11.cxb5 axb5 12.b4 Nc4 13.Nxc4 bxc4 14.b5 d5 15.a4 Bf5
16.a5 Qd7 17.h4 Ng4 18.Bf4 e5 19.dxe5 d4 20.Bc6 Qd8 21.Bg5 f6 22.exf6 Bxf6
23.Bxf6 Nxf6 24.Na2 d3 25.Qa4 Qd4 26.e3 Qg4 27.a6 Be6 28.a7 Ra8 29.Nc3 Nh5
30.b6 Nxg3 31.fxg3 Qxg3+ 32.Bg2 Qxe3+ 33.Kh1 Qg3 34.Ne4 Qxh4+ 35.Kg1 Bd5
36.Qd7 Rfd8 37.Qxc7 Rac8 38.Nf6+ Kh8 39.Qe5  1-0

[Event "POL-ch sf"]
[Site "Gdynia"]
[Date "1987.??.??"]
[Round "1"]
[White "Maciejewski, Miroslaw"]
[Black "Borkowski, Franciszek"]
[Result "0-1"]
[WhiteElo "2285"]
[BlackElo "2450"]

1.Nf3 Nf6 2.c4 g6 3.g3 Bg7 4.Bg2 d6 5.d4 O-O 6.O-O Nbd7 7.Nc3 e5 8.h3 c6
9.Be3 Re8 10.Qc2 exd4 11.Nxd4 Qa5 12.Rfd1 Rxe3 13.fxe3 Qg5 14.Ne4 Qxe3+ 15.Kh2 Ne5
16.Nxf6+ Bxf6 17.Qc1 Qf2 18.e3 Bg5 19.Rf1 Qxe3 20.Qxe3 Bxe3 21.Nc2 Bb6 22.b3 Bf5
23.Ne1 a5 24.Rd1 Bc5 25.g4 Be6 26.Nc2 a4 27.Nd4 Bd7 28.Rfe1 f6 29.Re2 Re8
30.Kh1 Kf7 31.Nf3 Nxg4 32.Rxe8 Nf2+ 33.Kh2 Bxe8 34.Rb1 axb3 35.Rxb3 b6 36.a4 Bd7
37.Nd2 f5 38.Kg3 g5 39.Bf3 g4 40.hxg4 fxg4 41.Ne4 Nxe4+ 42.Bxe4 Kf6 43.Bxh7 d5
44.cxd5 cxd5 45.Bg8 d4 46.Rb1 Kg5 47.Bb3 Bd6+ 48.Kf2 g3+ 49.Kg1 Ba3 50.Bc4 d3  0-1

[Event "Bundesliga 8687"]
[Site "Germany"]
[Date "1987.??.??"]
[Round "?"]
[White "Haefner, Thomas"]
[Black "Klundt, Klaus"]
[Result "1-0"]
[WhiteElo "2355"]
[BlackElo "2375"]

1.c4 Nf6 2.Nf3 g6 3.g3 Bg7 4.Bg2 d6 5.d4 O-O 6.O-O Nc6 7.b3 e5 8.dxe5 dxe5
9.Ba3 Re8 10.Nc3 e4 11.Qxd8 Rxd8 12.Ng5 h6 13.Nh3 Bf5 14.Rad1 Nd4 15.Nf4 g5
16.Nfd5 Nxd5 17.Nxd5 Bg4 18.f3 Nxe2+ 19.Kf2 exf3 20.Bxf3 Bxf3 21.Kxf3 Nd4+
22.Kg4 f5+ 23.Kh5 c6 24.Ne7+ Kh7 25.Bc5 Ne6 26.Rxd8 Rxd8 27.Rxf5 Rf8 28.Rxf8 Bxf8
29.Bd6 Ng7+ 30.Kg4 Bxe7 31.Bxe7 Kg6 32.Kf3 Nf5 33.Bc5 a6 34.g4 Ng7 35.Ke4 h5
36.gxh5+ Nxh5 37.Ke5 Nf4 38.Be3 Nd3+ 39.Kd6 Kf5 40.Kc7 b5 41.Kxc6 bxc4 42.bxc4 Nb4+
43.Kb6 g4 44.Bd2 Nd3 45.c5 Ke6 46.c6 Kd6 47.c7 Kd7 48.Kb7  1-0

[Event "Baden/Wuert-NordD"]
[Site "Germany"]
[Date "1987.??.??"]
[Round "2"]
[White "Busch, Klaus"]
[Black "Gruenenwald, Joerg"]
[Result "1/2-1/2"]
[WhiteElo "2345"]
[BlackElo "2330"]

1.Nf3 Nf6 2.c4 g6 3.d4 Bg7 4.g3 O-O 5.Bg2 d6 6.Nc3 Nc6 7.O-O a6 8.d5 Na5
9.Nd2 c5 10.Rb1 e5 11.a3 Qc7 12.e4 Rb8 13.Qe2 b5 14.cxb5 axb5 15.Nxb5 Ba6
16.a4 Qd7 17.b4 Rxb5 18.axb5 Bxb5 19.Qe3 Bxf1 20.Bxf1 cxb4 21.Qb6 Nb7 22.Bb5 Qe7
23.Qa7 Rc8 24.Bc6 Rc7 25.Qa8+ Bf8 26.Rxb4 Nc5 27.Qa3 Bh6 28.f3 Ra7 29.Qc3 Ra2
30.Rb2 Qa7 31.Rxa2 Qxa2 32.Bb5 Kg7 33.Bc4 Qa4 34.Be2 Qa2 35.Bc4 Qa4  1/2-1/2

[Event "Graz op"]
[Site "Graz"]
[Date "1987.??.??"]
[Round "3"]
[White "Csom, Istvan"]
[Black "Wittmann, Walter"]
[Result "1/2-1/2"]
[WhiteElo "2480"]
[BlackElo "2400"]

1.c4 Nf6 2.Nf3 g6 3.d4 Bg7 4.g3 O-O 5.Bg2 d6 6.Nc3 c6 7.O-O Qa5 8.h3 Be6
9.Nd2 Na6 10.a3 Qh5 11.e4 Qxd1 12.Rxd1 Rab8 13.Bf1 c5 14.d5 Bd7 15.Nf3 Ne8
16.Bg5 Bxc3 17.bxc3 f6 18.Be3 Ba4 19.Rdc1 Nac7 20.Nd2 e5 21.Rab1 Ng7 22.Kh2 b6
23.Bg2 Rb7 24.Rb2 Rbb8 25.Bf3 Rfd8 26.Bd1 Bxd1 27.Rxd1 Rd7 28.a4 Re8 29.Kg2 Na8
30.Re1 Rc8 31.Ra2 Rf8 32.Rea1 Rff7 33.Rb1 Ne8 34.Bh6 Rfe7 35.Re1 Kf7 36.Nf1 Rb7
37.h4 Rb8 38.Ne3 a6 39.Rb1 Reb7 40.Rab2 Ke7 41.Nc2 Nac7 42.Bd2 Kd7 43.h5 Kc8
44.hxg6 hxg6 45.Ne3 b5 46.a5 bxc4 47.Rxb7 Rxb7 48.Rxb7 Kxb7 49.Nxc4 Kc8 50.f3 Kd7
51.Kf2 Nb5 52.Ke2  1/2-1/2

[Event "Graz op"]
[Site "Graz"]
[Date "1987.??.??"]
[Round "9"]
[White "Gutman, Lev"]
[Black "Riemersma, Liafbern"]
[Result "1-0"]
[WhiteElo "2475"]
[BlackElo "2345"]

1.d4 Nf6 2.c4 g6 3.g3 Bg7 4.Bg2 O-O 5.Nf3 d6 6.O-O Nc6 7.h3 a6 8.Be3 b5 9.Qc1 Bb7
10.Bh6 Ne4 11.Bxg7 Kxg7 12.Nc3 Na5 13.cxb5 axb5 14.Nxb5 Ba6 15.Nc3 Nxc3 16.Qxc3 Bxe2
17.d5+ e5 18.dxe6 Qf6 19.Rfc1 c5 20.Ng5 Qxc3 21.Rxc3 Ra7 22.Nxf7 Bc4 23.Nxd6 Bxe6
24.Re1 Bxa2 25.Ra3 Bg8 26.Nb5 Raf7 27.Rxa5 Rxf2 28.Rf1 Rxb2 29.Ra7+  1-0

[Event "DSV-Turnier"]
[Site "Halle"]
[Date "1987.??.??"]
[Round "?"]
[White "Gauglitz, Gernot"]
[Black "Haba, Petr"]
[Result "0-1"]
[WhiteElo "2465"]
[BlackElo "2440"]

1.d4 Nf6 2.c4 g6 3.Nf3 Bg7 4.g3 O-O 5.Bg2 d6 6.O-O Nc6 7.d5 Na5 8.Nfd2 c5
9.Nc3 a6 10.Rb1 Rb8 11.b3 b5 12.Bb2 h5 13.Qc2 h4 14.e4 bxc4 15.bxc4 e5 16.Ne2 h3
17.Bh1 Ng4 18.Bc3 Rxb1 19.Rxb1 Bd7 20.Qb2 Bh6 21.f4 exf4 22.Nxf4 Ne5 23.Qa3 Naxc4
24.Nxc4 Nxc4 25.Qxa6 Bxf4 26.gxf4 Qh4 27.Qxc4 Qg4+ 28.Kf2 Qxf4+ 29.Bf3 f5
30.Rg1 fxe4 31.Rxg6+ Kh7 32.Rg7+ Kh6 33.Ke1 Qxf3 34.Kd2 Bg4 35.Rxg4 Qxg4
36.Kc2 Rf2+ 37.Kb3 Qd1+ 38.Ka3 Qc1+ 39.Ka4 Qc2+ 40.Kb5 Qd3  0-1

[Event "DSV-Turnier"]
[Site "Halle"]
[Date "1987.??.??"]
[Round "?"]
[White "Gauglitz, Gernot"]
[Black "Knaak, Rainer"]
[Result "0-1"]
[WhiteElo "2465"]
[BlackElo "2530"]

1.d4 Nf6 2.c4 d6 3.Nf3 g6 4.g3 Bg7 5.Bg2 O-O 6.O-O Nbd7 7.Nc3 e5 8.e4 a6
9.d5 Ne8 10.Bd2 c5 11.Rb1 Nc7 12.b4 cxb4 13.Rxb4 f5 14.Ne1 b5 15.cxb5 Nxb5
16.Nd3 Nf6 17.exf5 Bxf5 18.Nc1 Nd4 19.Nb3 Bc2 20.Qc1 Bxb3 21.axb3 a5 22.Rxd4 exd4
23.Nb5 Ng4 24.Bh3 Qb8 25.Na3 Ne5 26.f4 Nd3 27.Qc4 Nb2 28.Qc2 d3 29.Qc6 Qxb3
30.Nb5 Nc4 31.Nxd6 Nxd2 32.Be6+ Kh8 33.Rc1 Nf3+ 34.Kg2 Qb2+ 35.Kxf3 Qe2+  0-1

[Event "DSV-Turnier"]
[Site "Halle"]
[Date "1987.??.??"]
[Round "?"]
[White "Horvath, Csaba"]
[Black "Ghinda, Mihail Viorel"]
[Result "1-0"]
[WhiteElo "2455"]
[BlackElo "2460"]

1.d4 Nf6 2.c4 g6 3.Nf3 Bg7 4.g3 O-O 5.Bg2 d6 6.O-O Nc6 7.Nc3 Rb8 8.b3 a6
9.e3 b5 10.Qe2 bxc4 11.bxc4 Re8 12.Rb1 Rxb1 13.Nxb1 Bf5 14.Nbd2 Qd7 15.Bb2 Rb8
16.Ba1 e5 17.Nh4 Bc2 18.Rc1 Nb4 19.dxe5 dxe5 20.Bxe5 Bd3 21.Qd1 Nxa2 22.Ra1 Nb4
23.Nhf3 Bf5 24.Bd4 Qe7 25.Ra5 Nd3 26.Qa1 c5 27.Qa3 Qd8 28.Bc3 Ng4 29.Bxg7 Kxg7
30.h3 Ngxf2 31.Kh2 Qe7 32.Qc3+ Kg8 33.e4 Nxe4 34.Qxd3 Nxg3 35.Qd5 Ne2 36.Qe5 Qxe5+
37.Nxe5 Rb2 38.Nef3 Nd4 39.Rxc5 Nxf3+ 40.Nxf3 Be4 41.Kg3 Rc2 42.Bf1 h6 43.h4 f5
44.Nd4 Rd2 45.Nb3 Rc2 46.Rc8+ Kf7 47.Nc5 Bh1 48.Bd3 Rc3 49.Kf4 Kf6 50.Rf8+ Ke7
51.Rh8 Kd6 52.Nxa6 Ke7 53.Nb4 Rb3 54.Rb8 Kd7 55.Rb6 Be4 56.Bxe4 fxe4 57.Kxe4 g5
58.h5 g4 59.Nd5 Rh3 60.Rxh6 g3 61.Nf4 Rh2 62.Rg6 Rc2 63.Rxg3 Ke7 64.Rg7+  1-0

[Event "DSV-Turnier"]
[Site "Halle"]
[Date "1987.??.??"]
[Round "?"]
[White "Horvath, Csaba"]
[Black "Vogt, Lothar"]
[Result "0-1"]
[WhiteElo "2455"]
[BlackElo "2460"]

1.d4 Nf6 2.c4 g6 3.Nf3 Bg7 4.g3 O-O 5.Bg2 d6 6.O-O Nbd7 7.Nc3 e5 8.e4 a6
9.d5 a5 10.Ne1 Nc5 11.Nd3 Nfd7 12.Be3 f5 13.Nxc5 Nxc5 14.exf5 gxf5 15.Bxc5 dxc5
16.d6 Qxd6 17.Qxd6 cxd6 18.Nb5 e4 19.Rfd1 Bxb2 20.Rab1 Be5 21.Nxd6 Be6 22.Bf1 Rfd8
23.Nxb7 Rxd1 24.Rxd1 Bd4 25.Be2 Rb8 26.Nxa5 Rb2 27.Bf1 Bxf2+ 28.Kh1 e3  0-1

[Event "POL-chT"]
[Site "Jachranka"]
[Date "1987.??.??"]
[Round "10"]
[White "Jaworski, Miroslaw"]
[Black "Kwiecien, Zbigniew"]
[Result "1-0"]
[WhiteElo "2300"]
[BlackElo "2310"]

1.d4 Nf6 2.Nf3 g6 3.c4 Bg7 4.g3 d6 5.Bg2 O-O 6.O-O Nbd7 7.Qc2 c6 8.Rd1 Qc7
9.h3 Re8 10.e4 e5 11.Nc3 b5 12.Ne2 bxc4 13.dxe5 dxe5 14.Nd2 Nb6 15.Nxc4 Ba6
16.Na5 Nbd7 17.Nb3 c5 18.Be3 c4 19.Nd2 Nc5 20.Nxc4 Ncxe4 21.b3 Bb7 22.Rac1 Bf8
23.Qb2 Rad8 24.Rxd8 Qxd8 25.Bxa7 Qa8 26.Be3 Nxg3 27.Nb6 Qa3 28.Qc2 Nxe2+
29.Qxe2 Bxg2 30.Kxg2 Nh5 31.Rc7 Qd6 32.Qc4 Be7 33.Qc6 Rd8 34.Qxd6 Bxd6 35.Rd7 Rxd7
36.Nxd7 f5 37.a4 f4 38.Bc5 Bc7 39.Bb6 Bd6 40.a5 e4 41.a6 f3+ 42.Kf1  1-0

[Event "London Peace"]
[Site "London"]
[Date "1987.??.??"]
[Round "?"]
[White "Birnboim, Nathan"]
[Black "Littlewood, John Eric"]
[Result "0-1"]
[WhiteElo "2455"]
[BlackElo "2380"]

1.d4 Nf6 2.c4 g6 3.g3 Bg7 4.Bg2 O-O 5.Nf3 d6 6.O-O Nbd7 7.Nc3 e5 8.Qc2 Re8
9.Rd1 e4 10.Nd2 e3 11.fxe3 Ng4 12.Nf1 h5 13.h3 Nh6 14.Nd5 c6 15.Nf4 Nf6 16.e4 Qe7
17.Nd2 h4 18.g4 Nfxg4 19.hxg4 Bxd4+ 20.Kf1 Nxg4 21.Nf3 Be3 22.Qd3 Qxe4 23.Qxd6 Bxf4
24.Bxf4 h3 25.Bxh3 Qxe2+ 26.Kg1 Qf2+ 27.Kh1 Qxf3+ 28.Bg2 Nf2+ 29.Kg1 Nh3+
30.Bxh3 Bxh3 31.Rd2 Rad8  0-1

[Event "London Peace"]
[Site "London"]
[Date "1987.??.??"]
[Round "?"]
[White "Gutman, Lev"]
[Black "Benjamin, John C"]
[Result "0-1"]
[WhiteElo "2475"]
[BlackElo "2255"]

1.d4 Nf6 2.c4 d6 3.Nf3 g6 4.g3 Bg7 5.Bg2 O-O 6.O-O Nbd7 7.Nc3 e5 8.e4 c6
9.h3 Qb6 10.Re1 Ne8 11.d5 c5 12.Bd2 Qd8 13.Re2 f6 14.Qc2 Rf7 15.Rf1 Nf8 16.Ne1 f5
17.f4 exf4 18.Bxf4 Bd4+ 19.Kh2 g5 20.Be3 Bxe3 21.Rxe3 f4 22.gxf4 gxf4 23.Ref3 Ng6
24.Nd3 Qh4 25.Qf2 Qxf2 26.R1xf2 Ne5 27.Rxf4 Rxf4 28.Nxf4 Nxc4 29.Nh5 Bd7
30.Kg3 Ne5 31.Kh4 b5 32.Bf1 b4 33.Nd1 c4 34.Ne3 Rc8 35.Ng3 c3 36.b3 Ng7 37.Nc2 a5
38.Ne2 Re8 39.Bg2 Nd3 40.Rf1 Nf5+ 41.Kg5 h6+ 42.Kg6 Nh4+ 43.Kxh6 Nxg2 44.Rf3 Nge1
45.Rg3+ Kf8  0-1

[Event "Lugano op"]
[Site "Lugano"]
[Date "1987.??.??"]
[Round "?"]
[White "Hansen, Curt"]
[Black "Ernst, Thomas"]
[Result "1-0"]
[WhiteElo "2540"]
[BlackElo "2465"]

1.d4 Nf6 2.Nf3 g6 3.c4 Bg7 4.g3 O-O 5.Bg2 d6 6.O-O Nc6 7.Nc3 a6 8.d5 Na5
9.Nd2 c5 10.Qc2 Rb8 11.b3 b5 12.Bb2 bxc4 13.bxc4 Bh6 14.f4 e5 15.dxe6 Bxe6
16.Nd5 Rxb2 17.Qxb2 Bg7 18.Qc1 Ng4 19.Rb1 Bxd5 20.Bxd5 Ne3 21.Re1 Re8 22.Nf3 Bf6
23.Kh1 Kf8 24.Qa3 Nc2 25.Qd3 Nxe1 26.Nxe1 Qc7 27.Nc2 Rb8 28.Ne3 Rxb1+ 29.Qxb1 Bd4
30.Nf1 Nc6 31.e3 Bf6 32.a3 Qb8 33.Qd3 Nd8 34.Nd2 Bg7 35.Bf3 Ne6 36.Ne4 Ke7
37.g4 h6 38.h4 Bh8 39.g5 hxg5 40.hxg5 Qb6 41.Kh2 Bg7 42.Kg3 Nc7 43.Bd1 Ba1
44.Ba4 Ne6 45.Qd5 Nc7 46.Qd3 Ne6 47.Kg4 Bg7 48.Ng3 Kf8 49.Qd5 Nc7 50.Qe4 Qb8
51.Qc6 Qc8+ 52.Kh4 Qd8 53.Ne4 Ke7 54.Qb6 f6 55.gxf6+ Bxf6+ 56.Kg3 Bg7 57.Qc6 Bb2
58.Ng5 Bxa3 59.Qe4+ Kf6 60.Bc2 Qe8 61.Qd3 Bc1 62.Qxd6+ Ne6 63.Qe5+  1-0

[Event "Moscow-B"]
[Site "Moscow"]
[Date "1987.??.??"]
[Round "?"]
[White "Pigusov, Evgeny"]
[Black "Zaichik, Gennadi"]
[Result "1-0"]
[WhiteElo "2520"]
[BlackElo "2500"]

1.Nf3 d6 2.d4 Nf6 3.g3 g6 4.Bg2 Bg7 5.c4 O-O 6.O-O c6 7.Nc3 Qa5 8.e4 Qh5
9.e5 dxe5 10.Nxe5 Ng4 11.Nf3 Nh6 12.Re1 Be6 13.d5 Rd8 14.Re4 Bf6 15.Qd2 Bg4
16.Qxh6 Bxf3 17.Qxh5 Bxh5 18.g4 Bxc3 19.bxc3 cxd5 20.cxd5 f5 21.Rxe7  1-0

[Event "Moscow-A"]
[Site "Moscow"]
[Date "1987.??.??"]
[Round "?"]
[White "Hjartarson, Johann"]
[Black "Vasiukov, Evgeni"]
[Result "1/2-1/2"]
[WhiteElo "2545"]
[BlackElo "2510"]

1.d4 Nf6 2.c4 g6 3.Nf3 Bg7 4.g3 O-O 5.Bg2 d6 6.O-O c6 7.Nc3 Qa5 8.h3 e5 9.e4 Nbd7
10.Re1 Re8 11.d5 cxd5 12.cxd5 b5 13.a3 b4 14.Na4 bxa3 15.Rxa3 Rb8 16.Bd2 Qd8
17.Qc2 Nb6 18.Be3 Bd7 19.Nxb6 axb6 20.Nd2 Qe7 21.Rea1 Rec8 22.Rc3 Rxc3 23.Qxc3 b5
24.b4 Rc8 25.Qd3 Qf8 26.Ra6 Ra8 27.Qa3 Rxa6 28.Qxa6 Qb8 29.Nb1 Bf8 30.Nc3 Qc7
31.Qa3 Qc8 32.Bg5 Kg7 33.Bf1 Bxh3 34.Bxh3 Qxh3 35.Bxf6+ Kxf6 36.Nxb5 h5 37.Qf3+ Kg7
38.Na3 Qc8 39.b5 Qc1+ 40.Kg2 Be7 41.Qe3 Qb2 42.b6 Bd8 43.Nc4 Qb4 44.b7 Bc7
45.Nb6 Qb5 46.Kh2 Bb8 47.f4 Ba7 48.fxe5 Qb2+ 49.Kh3 Qb1 50.Qf3 Qxb6 51.Qf6+ Kg8
52.e6 Qxb7 53.Qd8+ Kh7 54.Qf8 fxe6 55.dxe6 Bd4 56.e7 Qxe4 57.Qf7+ Bg7 58.Kh2 Qe2+
59.Kh1 Qe1+ 60.Kg2 Qd2+ 61.Kh1 Qc1+ 62.Kg2 Qb2+  1/2-1/2

[Event "Moscow-B"]
[Site "Moscow"]
[Date "1987.??.??"]
[Round "?"]
[White "Vyzmanavin, Alexey"]
[Black "Casper, Thomas"]
[Result "1-0"]
[WhiteElo "2485"]
[BlackElo "2430"]

1.d4 Nf6 2.c4 d6 3.Nf3 g6 4.g3 Bg7 5.Bg2 O-O 6.O-O Nbd7 7.Nc3 e5 8.e4 c6
9.h3 a6 10.d5 cxd5 11.cxd5 b5 12.Ne1 Nb6 13.Nd3 Bd7 14.b3 a5 15.Be3 b4 16.Ne2 Ne8
17.a3 bxa3 18.Rxa3 f5 19.exf5 gxf5 20.Qd2 a4 21.Nb4 Rc8 22.Nc6 Bxc6 23.dxc6 axb3
24.Rxb3 Na8 25.Rb7 Nac7 26.Rd1 Kh8 27.Nc3 e4 28.Nd5 Nxd5 29.Qxd5 Be5 30.Bd4 Bxd4
31.Rxd4 Qf6 32.Rd1 Qc3 33.Rf7 Rxf7 34.Qxf7 Ng7 35.Rxd6 e3 36.fxe3 Qe5 37.Qf6 Qxe3+
38.Kh2 f4 39.gxf4 Kg8 40.c7  1-0

[Event "Munich zt"]
[Site "Munich"]
[Date "1987.??.??"]
[Round "?"]
[White "Shvidler, Eliahu"]
[Black "Zueger, Beat"]
[Result "1/2-1/2"]
[WhiteElo "2450"]
[BlackElo "2400"]

1.d4 Nf6 2.Nf3 g6 3.c4 Bg7 4.g3 O-O 5.Bg2 d6 6.O-O Na6 7.Nc3 Bg4 8.h3 Bxf3
9.Bxf3 Qd7 10.Bg2 c6 11.e4 e5 12.Be3 exd4 13.Bxd4 Qe6 14.Rc1 Nh5 15.Bxg7 Nxg7
16.Qd2 f5 17.exf5 gxf5 18.Nd5 Qd7 19.Nf4 Nc5 20.Rcd1 Rad8 21.Rfe1 Rfe8 22.Rxe8+ Qxe8
23.Re1 Qd7 24.b4 Na6 25.h4 Re8 26.Rxe8+ Nxe8 27.Nh5 Qf7 28.b5 Nac7 29.bxc6 bxc6
30.Qg5+ Kh8 31.Bxc6 Qxc4 32.Qxf5 Qxa2 33.Bxe8 Nxe8 34.Qd7 Qa1+ 35.Kg2 Qe5
36.Qf7 Qe4+ 37.Kh2 Qg6 38.Qe7 a5 39.Nf4 Qg8 40.h5 a4 41.h6 a3 42.Nd5 Qg6
43.Qf8+ Qg8 44.Qf3 Qe6 45.Qf8+ Qg8 46.Qe7 Qg6 47.Nf4 Qg8 48.Qe3 Qf8 49.Qxa3 Qxh6+
50.Kg2 Qf6 51.Qa8 Qe7 52.Nh5 Qe6 53.Nf4 Qe7 54.Qc8 Qf7 55.Ne6 Qe7 56.f4 Kg8
57.f5 Kf7 58.Qc4 Nf6 59.g4 h6 60.Kh3 Qa7 61.Nf4+ Kg7 62.Qc3 Kh7 63.Ng6 Kg7
64.Qe1 Qa3+ 65.Kh4 Qa7 66.Nf4 Kh7 67.g5 hxg5+ 68.Kxg5 Kg7 69.Ne6+ Kf7 70.Nf4 Kg7
71.Ne6+ Kf7 72.Nf4 Kg7  1/2-1/2

[Event "Munich zt"]
[Site "Munich"]
[Date "1987.??.??"]
[Round "?"]
[White "Birnboim, Nathan"]
[Black "Hug, Werner"]
[Result "1/2-1/2"]
[WhiteElo "2465"]
[BlackElo "2430"]

1.d4 Nf6 2.c4 g6 3.g3 Bg7 4.Bg2 O-O 5.Nf3 d6 6.O-O c6 7.Nc3 a6 8.Ne1 Nbd7
9.Nd3 e5 10.d5 cxd5 11.cxd5 Ne8 12.e4 f5 13.f3 Qb6+ 14.Kh1 Ndf6 15.Qe2 Bd7
16.Be3 Qd8 17.a4 Rc8 18.Ra3 fxe4 19.fxe4 Ng4 20.Rxf8+ Bxf8 21.Ba7 Qc7 22.a5 Ngf6
23.Bb6 Bg4 24.Qf1 Qe7 25.Be3 Nh5 26.Rb3 Nef6 27.Nf2 Qg7 28.Bh3 Bxh3 29.Qxh3 Re8
30.Rb4 Qc7 31.Bb6 Qc8 32.Qxc8 Rxc8 33.Ba7 Rc7 34.Bb8 Rf7 35.Kg2 Ne8 36.Rc4 Be7
37.Na4 Nhf6 38.Rc8 Rf8 39.Nb6 Ng7 40.Rc7 Rxb8 41.Rxe7 Kf8 42.Rc7 Nge8 43.Rc3 Ke7
44.g4 h6 45.Rh3 h5 46.gxh5 Nxh5 47.Rc3 Kd8 48.Nh3 Nc7 49.Ng5 Nf4+ 50.Kf3 Nb5
51.Rc4 Ke7 52.Kg4 Rh8 53.h4 Ng2 54.Rc1 Rxh4+ 55.Kg3 Rh5 56.Ne6 Nf4 57.Nxf4 exf4+
58.Kxf4 Kf6 59.Nd7+ Ke7 60.Nb6 Kf6 61.Rf1 Rh4+ 62.Ke3+ Kg7 63.Nc4 Rh3+ 64.Rf3 Rh1
65.Rf2 Rh3+ 66.Kd2 Rh4 67.Ke3 Rh3+ 68.Kd2 Rh4 69.Re2 Nd4 70.Re3 Nb5 71.Kd3 Rf4
72.Nd2 Rf2 73.Rh3 Rg2 74.Ke3 Rg1 75.Rh2 Re1+ 76.Kd3 Rd1 77.Rh3 Rg1 78.Rf3 Rg2
79.Rh3 Rg1 80.Ke3 Kf6 81.Rf3+  1/2-1/2

[Event "New York op"]
[Site "New York"]
[Date "1987.??.??"]
[Round "?"]
[White "Shapiro, Daniel E"]
[Black "Cvitan, Ognjen"]
[Result "0-1"]
[WhiteElo "2370"]
[BlackElo "2500"]

1.d4 Nf6 2.Nf3 g6 3.c4 Bg7 4.g3 O-O 5.Bg2 d6 6.O-O c6 7.Nc3 Qa5 8.h3 Be6
9.d5 cxd5 10.Nd4 Bd7 11.cxd5 Rc8 12.e4 Be8 13.Be3 Nfd7 14.a3 Ne5 15.Nb3 Qa6
16.Bd4 Nbd7 17.Rb1 Nd3 18.Bxg7 Kxg7 19.Qe2 N7e5 20.Nc1 Nxc1 21.Qxa6 bxa6
22.Rfxc1 Rab8 23.Nd1 Rxc1 24.Rxc1 Ba4 25.Bf1 Bxd1 26.Rxd1 Rxb2 27.Rc1 Nf3+
28.Kg2 Nd2 29.Bd3 Rb3 30.Bxa6 Rxa3 31.Bb7 Nxe4 32.Re1 f5 33.f3 Ra2+ 34.Kg1 Ng5
35.Rxe7+ Kf6 36.Rd7 Nxf3+ 37.Kf1 Nd2+ 38.Ke2 Ne4+ 39.Ke1 h5 40.Bc6 a5 41.Rd8 a4  0-1

[Event "URS-ch otbor"]
[Site "Norilsk"]
[Date "1987.??.??"]
[Round "?"]
[White "Khasin, Alexander"]
[Black "Shpilker, Boris"]
[Result "1/2-1/2"]
[WhiteElo "2410"]
[BlackElo "2425"]

1.Nf3 d6 2.g3 g6 3.Bg2 Bg7 4.d4 Nf6 5.c4 O-O 6.Nc3 Nbd7 7.O-O e5 8.e4 c6
9.b3 Re8 10.h3 h6 11.Be3 b5 12.dxe5 dxe5 13.cxb5 cxb5 14.Ne1 Bb7 15.Nd3 Qe7
16.b4 Rac8 17.Nc5 Nxc5 18.Bxc5 Qe6 19.Rc1 Nd7 20.Be3 Nb6 21.Bxb6 Qxb6 22.Nd5 Qd6
23.Qb3 Rxc1 24.Rxc1 Rc8 25.Rxc8+ Bxc8 26.Qe3  1/2-1/2

[Event "Nuremberg op"]
[Site "Nuremberg"]
[Date "1987.??.??"]
[Round "2"]
[White "Thiel, Kuno"]
[Black "Klundt, Klaus"]
[Result "0-1"]
[WhiteElo "2315"]
[BlackElo "2385"]

1.d4 Nf6 2.Nf3 g6 3.c4 Bg7 4.g3 O-O 5.Bg2 d6 6.O-O Nc6 7.d5 Na5 8.Nbd2 c5
9.e4 e6 10.a3 exd5 11.exd5 Bf5 12.Re1 Bd3 13.Bf1 Bxf1 14.Kxf1 b5 15.cxb5 Qd7
16.Qa4 Nb7 17.Qa6 Rfe8 18.Qc6 Qh3+ 19.Kg1 Rxe1+ 20.Nxe1 Re8 21.Nef3 Na5 22.Qc7 Ng4
23.Qxf7+ Kxf7 24.Ng5+ Kf8 25.Nxh3 Re1+ 26.Kg2 Ne5 27.Nf4 c4 28.h4 Bh6  0-1

[Event "Ostend op"]
[Site "Ostend"]
[Date "1987.??.??"]
[Round "4"]
[White "Arkell, Keith C"]
[Black "Pergericht, Daniel"]
[Result "1-0"]
[WhiteElo "2400"]
[BlackElo "2260"]

1.d4 Nf6 2.Nf3 g6 3.c4 Bg7 4.g3 O-O 5.Bg2 d6 6.O-O c6 7.Nc3 Bf5 8.Ne1 e5
9.d5 cxd5 10.cxd5 Bc8 11.e4 Nbd7 12.Nd3 Ne8 13.f4 f6 14.f5 Rf7 15.Be3 Bf8
16.Nf2 Nb6 17.Qd3 Bd7 18.Ng4 Nc8 19.h4 Ne7 20.Bh3 Kh8 21.Kh2 Ng8 22.fxg6 hxg6
23.Qd2 Rh7 24.Nf2 f5 25.Bg5 Be7 26.Kg2 Rh5 27.Bxe7 Qxe7 28.Qe2 Ngf6 29.Nd3 Ng7
30.exf5 gxf5 31.Nf4 Rh6 32.Ne6 Nxe6 33.dxe6 Bc6+ 34.Kh2 Rg8 35.Rxf5  1-0

[Event "Ostend op"]
[Site "Ostend"]
[Date "1987.??.??"]
[Round "8"]
[White "Arkell, Keith C"]
[Black "Watson, William N"]
[Result "1-0"]
[WhiteElo "2400"]
[BlackElo "2530"]

1.d4 Nf6 2.Nf3 g6 3.c4 Bg7 4.g3 O-O 5.Bg2 d6 6.Nc3 Nbd7 7.O-O e5 8.Qc2 c6
9.Rd1 Re8 10.b3 Qe7 11.e3 Nf8 12.Ba3 e4 13.Nd2 Bf5 14.b4 h5 15.b5 c5 16.dxc5 dxc5
17.Nb3 b6 18.Nd4 Bd7 19.Rac1 Qe5 20.Nc6 Qe6 21.Nd5 Bxc6 22.bxc6 Qxc6 23.Nxf6+ Bxf6
24.Rd5 Qe6 25.Rcd1 Bg7 26.Bb2 Bxb2 27.Qxb2 Qe7 28.a4 Rab8 29.Qb5 a5 30.Rd6 Qc7
31.Rc6 Qa7 32.Rdd6 Ne6 33.Rxb6 Ng5 34.Qxc5 Rxb6 35.Qxb6 Qxb6 36.Rxb6 Rc8
37.Rb5 Nf3+ 38.Bxf3 exf3 39.c5 Rd8 40.h4 Rd1+ 41.Kh2 Rc1 42.Rxa5 Rc4 43.Ra8+ Kg7
44.Rd8 Rxa4 45.Rd4 Ra2 46.Rc4 f5 47.c6 Ra8 48.e4 fxe4 49.Rxe4 Rc8 50.Rc4 Kf6
51.g4 hxg4 52.Kg3 Kf5 53.c7 Ke5 54.Kxg4 Kd5 55.Rc1 Kd6 56.Kxf3  1-0